| 000 | 01847nam0a2200337 4500 | ||
|---|---|---|---|
| 001 | RU\NLR\bibl\112092 | ||
| 005 | 20260406092419.0 | ||
| 010 |
_a5-88143-105-7 _91000 |
||
| 021 |
_aRU _b2000-24741 _91171 |
||
| 035 | _a(NLR Aleph) 000109734 | ||
| 090 |
_a622192 _c622192 |
||
| 100 | _a20001009d2000 |||y0rusy50 ca | ||
| 101 | 0 | _arus | |
| 102 | _aRU | ||
| 105 | _aa ||||||||| | ||
| 200 | 1 |
_aПроблемы, принципы и методы корпоратизации авиапромышленного комплекса России _fС.Д. Бодрунов, О.Н. Дмитриев, Ю.А. Ковальков и др. _g[Под общ. ред. С.Д. Бодрунова] |
|
| 210 |
_aСПб. _cАэрокосм. оборуд. _d2000 |
||
| 215 |
_a421 с. _cцв. ил. _d24 |
||
| 300 | _aВ конце кн. авт.: С.Д. Бодрунов, д.э.н., чл.-корр. С.-Петерб. инж. акад., О.Н. Дмитриев, д.э.н., Ю.А. Ковальков, к.т.н., д.э.н., проф., акад. Рос. акад. воен. наук и др. | ||
| 320 | _aБиблиогр.: с. 405-417 (174 назв.) | ||
| 606 | 0 |
_aАгропромышленные комплексы _yРоссийская Федерация _92096204 _3RU\NLR\auth\661268277 |
|
| 686 | _aУ32(2)-434(2Р) | ||
| 701 | 1 |
_4070 _8rus _7ca _aБодрунов _bС. Д. _f1958- _gСергей Дмитриевич _3RU\NLR\auth\7763250 _946180 |
|
| 701 | 1 |
_4070 _8rus _7ca _aДмитриев _bО. Н. _cд-р экон. наук, канд. техн. наук _f1954- _gОлег Николаевич _3RU\NLR\auth\77105661 _988586 |
|
| 701 | 1 |
_aКовальков _bЮ. А. _f1936- _gЮрий Александрович _4070 |
|
| 801 | 0 |
_aRU _bNLR _c20001009 _gPSBO |
|
| 801 | 1 |
_aRU _bNLR _c20001009 |
|
| 852 |
_aNLR _j2000-7/1971 |
||
| 942 | _cBOOK | ||
| 980 | _aNB | ||